<?xml version="1.0" encoding="UTF-8"?>
<collection xmlns:xsi="http://www.w3.org/2001/XMLSchema-instance" xsi:schemaLocation="http://www.loc.gov/MARC21/slim http://www.loc.gov/standards/marcxml/schema/MARC21slim.xsd" xmlns="http://www.loc.gov/MARC21/slim">
 <record>
  <leader>00000cam a22000004a 4500</leader>
  <controlfield tag="001">UP-1685675941122032121</controlfield>
  <controlfield tag="003">Buklod</controlfield>
  <controlfield tag="005">20230916132827.0</controlfield>
  <controlfield tag="006">a     r    |||| u|</controlfield>
  <controlfield tag="007">ta</controlfield>
  <controlfield tag="008">230803t19881986enkb        b 0|1 0|eng c</controlfield>
  <datafield tag="020" ind1=" " ind2=" ">
   <subfield code="a">0521357268 (paperback)</subfield>
  </datafield>
  <datafield tag="020" ind1=" " ind2=" ">
   <subfield code="a">9780521357265</subfield>
  </datafield>
  <datafield tag="035" ind1=" " ind2=" ">
   <subfield code="a">(Buklod)UP-99796217609133617</subfield>
  </datafield>
  <datafield tag="037" ind1=" " ind2=" ">
   <subfield code="a">BC-73580</subfield>
   <subfield code="b">Gift- Dr. Yeoh Seng Guan</subfield>
  </datafield>
  <datafield tag="040" ind1=" " ind2=" ">
   <subfield code="a">DLC</subfield>
   <subfield code="d">BAG</subfield>
   <subfield code="e">rda</subfield>
  </datafield>
  <datafield tag="041" ind1="0" ind2=" ">
   <subfield code="a">eng</subfield>
  </datafield>
  <datafield tag="090" ind1=" " ind2="0">
   <subfield code="a">GN 450</subfield>
   <subfield code="b">S63 1988</subfield>
  </datafield>
  <datafield tag="245" ind1="0" ind2="4">
   <subfield code="a">The social life of things</subfield>
   <subfield code="b">commodities in cultural perspective</subfield>
   <subfield code="c">edited by Arjun Appadurai.</subfield>
  </datafield>
  <datafield tag="250" ind1=" " ind2=" ">
   <subfield code="a">First paperback edition.</subfield>
  </datafield>
  <datafield tag="264" ind1=" " ind2="1">
   <subfield code="a">Cambridge, [England]</subfield>
   <subfield code="b">Cambridge University Press</subfield>
   <subfield code="c">1988.</subfield>
  </datafield>
  <datafield tag="264" ind1=" " ind2="4">
   <subfield code="c">[1986]</subfield>
  </datafield>
  <datafield tag="300" ind1=" " ind2=" ">
   <subfield code="a">xiv, 329 pages</subfield>
   <subfield code="b">map</subfield>
   <subfield code="c">23 cm</subfield>
  </datafield>
  <datafield tag="336" ind1=" " ind2=" ">
   <subfield code="a">text</subfield>
   <subfield code="2">rdacontent</subfield>
  </datafield>
  <datafield tag="337" ind1=" " ind2=" ">
   <subfield code="a">unmediated</subfield>
   <subfield code="2">rdamedia</subfield>
  </datafield>
  <datafield tag="338" ind1=" " ind2=" ">
   <subfield code="a">volume</subfield>
   <subfield code="2">rdacarrier</subfield>
  </datafield>
  <datafield tag="500" ind1=" " ind2=" ">
   <subfield code="a">Three of the papers were presented to the Ethnohistory Workshop at the University of Pennsylvania during 1983-84; the others were presented at a Symposium on the Relationship between Commodities and Culture, held May 23-25, 1984, in Philadelphia.</subfield>
  </datafield>
  <datafield tag="505" ind1="0" ind2=" ">
   <subfield code="a">Part I. Toward an anthropology of things: 1. Introduction: commodities and the politics of value Arjun Appadurai -- 2. The cultural biography of things: commoditization as process Igor Kopytoff -- Part II. Exchange, Consumption, and Display: 3. Two kinds of value in the Eastern Solomon Islands William H. Davenport -- 4. Newcomers to the world of goods: consumption among the Muria Gonds Alfred Gell -- Part III. Prestige, Commemoration, and Value: 5. Varna and the emergence of wealth in prehistoric Europe Colin Renfrew -- 6. Sacred commodities: the circulation of medieval relics Patrick Geary -- Part IV. Production Regimes and the Sociology of Demand: 7. Weavers and dealers: the authenticity of an oriental carpet Brian Spooner -- 8. Qat: changes in the production and consumption of a quasilegal commodity in northeast Africa Lee V. Cassanelli -- Part V. Historical Transformations and Commodity Codes: 9. The structure of a cultural crisis: thinking about cloth in France before and after the Revolution William M. Reddy -- 10. The origins of swadeshi (home industry): cloth and Indian society, 1700-1930 C. A. Bayly.</subfield>
  </datafield>
  <datafield tag="650" ind1=" " ind2="0">
   <subfield code="a">Commerce</subfield>
   <subfield code="x">Social aspects.</subfield>
  </datafield>
  <datafield tag="650" ind1=" " ind2="0">
   <subfield code="a">Economic anthropology.</subfield>
  </datafield>
  <datafield tag="650" ind1=" " ind2="0">
   <subfield code="a">Commerce</subfield>
   <subfield code="x">History.</subfield>
  </datafield>
  <datafield tag="700" ind1="1" ind2=" ">
   <subfield code="a">Appadurai, Arjun</subfield>
   <subfield code="d">1949-</subfield>
   <subfield code="e">editor.</subfield>
  </datafield>
  <datafield tag="711" ind1="2" ind2=" ">
   <subfield code="a">Ethnohistory Workshop</subfield>
   <subfield code="d">1983</subfield>
   <subfield code="c">University of Pennsylvania.</subfield>
  </datafield>
  <datafield tag="711" ind1="2" ind2=" ">
   <subfield code="a">Ethnohistory Workshop</subfield>
   <subfield code="d">1984</subfield>
   <subfield code="c">University of Pennsylvania.</subfield>
  </datafield>
  <datafield tag="711" ind1="2" ind2=" ">
   <subfield code="a">Symposium on the Relationship between Commodities and Culture</subfield>
   <subfield code="c">Philadelphia, Pa.</subfield>
   <subfield code="d">1984.</subfield>
  </datafield>
  <datafield tag="905" ind1=" " ind2=" ">
   <subfield code="a">FO</subfield>
  </datafield>
  <datafield tag="852" ind1="0" ind2=" ">
   <subfield code="a">UPBAG</subfield>
   <subfield code="b">UPBAG-MAIN</subfield>
   <subfield code="h">GN 450</subfield>
   <subfield code="i">S63 1988</subfield>
  </datafield>
  <datafield tag="942" ind1=" " ind2=" ">
   <subfield code="a">Book</subfield>
  </datafield>
 </record>
</collection>
